00324nam a2200133Ia 4500003000400000008004100004040001600045082001300061100002100074245004300095260003400138300000800172650001000180GCL140319s9999 xx 000 0 eng d aGCL / cGCL04a686bR E1 aROGERS, CEOFFREY10aEDITION FOR PRINT / cROGERS, CEOFFREY a[S.N] : bMACDONALD ، c1986 a15904aBOOKS